[Event "CZE-chT2E 1213"]
[Site "Czech Republic"]
[Date "2012.11.04"]
[Round "2.8"]
[White "Smid, Jan Sr"]
[Black "Simonik, Adam"]
[Result "1/2-1/2"]
[WhiteElo "1910"]
[BlackElo "1887"]
[PlyCount "82"]
[EventDate "2012.10.14"]
[EventType "team-tourn"]
[EventRounds "11"]
[EventCountry "CZE"]
[SourceTitle "EXT 2016"]
[Source "ChessBase"]
[SourceDate "2015.10.08"]
[SourceVersion "1"]
[SourceVersionDate "2015.10.08"]
[SourceQuality "1"]
[WhiteTeam "Stare Mesto III"]
[BlackTeam "Veseli nad Moravou"]
[WhiteTeamCountry "CZE"]
[BlackTeamCountry "CZE"]

1. d4 Nf6 2. Nf3 g6 3. Bf4 Bg7 4. e3 d5 5. Bd3 Nbd7 6. Nbd2 0-0 7. h3 c5 8. c3 b6 9. 0-0 Bb7 10. Qe2 Rc8 11. Ba6 Bxa6 12. Qxa6 Ra8 13. Rfe1 Qc8 14. Qd3 Qb7 15. a4 Rfd8 16. b4 c4 17. Qc2 e6 18. Bh2 Rac8 19. Ne5 Nxe5 20. Bxe5 Ne4 21. Bxg7 Kxg7 22. Nxe4 dxe4 23. b5 f5 24. Qe2 Rd5 25. Rab1 Qc7 26. Rb4 Rd7 27. Rd1 Rd5 28. Qc2 Kf6 29. Qe2 Kg7 30. Ra1 Kf6 31. g3 h6 32. Kg2 Kg7 33. Ra3 a5 34. bxa6 Ra5 35. Qb2 Rxa6 36. a5 Rb8 37. axb6 Raxb6 38. Rxb6 Qxb6 39. Qxb6 Rxb6 40. Ra4 Rc6 41. Rb4 Kf6 1/2-1/2

[Event "Stare Mesto op"]
[Site "Stare Mesto"]
[Date "2012.08.13"]
[Round "5"]
[White "Shanel, Jaroslav"]
[Black "Simonik, Adam"]
[Result "1-0"]
[WhiteElo "2191"]
[BlackElo "1865"]
[PlyCount "61"]
[EventDate "2012.08.10"]
[EventType "swiss"]
[EventRounds "10"]
[EventCountry "CZE"]
[SourceTitle "CBM 149 Extra"]
[Source "ChessBase"]
[SourceDate "2012.08.24"]
[SourceVersion "1"]
[SourceVersionDate "2012.08.24"]
[SourceQuality "1"]

1. e4 c5 2. Nf3 Nc6 3. Bb5 g6 4. 0-0 Bg7 5. Nc3 a6 6. Bxc6 bxc6 7. Re1 Nf6 8. d4 cxd4 9. Qxd4 d6 10. Bg5 0-0 11. Qd2 Ng4 12. h3 Ne5 13. Nxe5 Bxe5 14. Rad1 Qc7 15. Na4 Rb8 16. c4 c5 17. Bh6 Rd8 18. Be3 Qb7 19. Bxc5 Qc6 20. b3 Bd7 21. Bd4 Qc7 22. Nc3 Bxd4 23. Qxd4 Be6 24. f4 Rdc8 25. Kh1 Qc5 26. Qd3 Qh5 27. Qe3 Rc7 28. Qg3 Kh8 29. e5 dxe5 30. Rxe5 Qh6 31. f5 1-0

[Event "CZE-chTB U20 1112"]
[Site "Czech Republic"]
[Date "2012.04.14"]
[Round "6.2"]
[White "Cap, Adam"]
[Black "Simonik, Adam"]
[Result "1/2-1/2"]
[WhiteElo "1999"]
[BlackElo "1921"]
[PlyCount "44"]
[EventDate "2012.04.13"]
[EventType "team-tourn"]
[EventRounds "7"]
[EventCountry "CZE"]
[SourceTitle "CBM 148 Extra"]
[Source "ChessBase"]
[SourceDate "2012.06.22"]
[SourceVersion "1"]
[SourceVersionDate "2012.06.22"]
[SourceQuality "1"]
[WhiteTeam "Kladno"]
[BlackTeam "Borsice"]
[WhiteTeamCountry "CZE"]
[BlackTeamCountry "CZE"]

1. e4 c5 2. Nf3 Nc6 3. d4 cxd4 4. Nxd4 g6 5. Be3 Bg7 6. Nc3 Nf6 7. f3 0-0 8. Qd2 d5 9. Nxc6 bxc6 10. e5 Nd7 11. f4 Nb6 12. Be2 Qc7 13. 0-0 Rd8 14. Bc5 Bf8 15. Rad1 Rb8 16. Qd4 e6 17. Ne4 Bxc5 18. Nxc5 Nd7 19. Nxd7 Rxd7 20. b4 Qb6 21. a3 Rc7 22. Qxb6 Rxb6 1/2-1/2

[Event "CZE-chTE U20 1112"]
[Site "Czech Republic"]
[Date "2012.01.21"]
[Round "6.3"]
[White "Simonik, Adam"]
[Black "Svoboda, Matej"]
[Result "0-1"]
[WhiteElo "1885"]
[BlackElo "1982"]
[PlyCount "32"]
[EventDate "2011.10.15"]
[EventType "team-tourn"]
[EventRounds "7"]
[EventCountry "CZE"]
[SourceTitle "EXT 2013"]
[Source "ChessBase"]
[SourceDate "2012.11.22"]
[SourceVersion "1"]
[SourceVersionDate "2012.11.22"]
[SourceQuality "1"]
[WhiteTeam "Borsice"]
[BlackTeam "BSS FM"]
[WhiteTeamCountry "CZE"]
[BlackTeamCountry "CZE"]

1. e4 c5 2. Nf3 Nc6 3. d4 cxd4 4. Nxd4 Nf6 5. Nc3 d6 6. Be2 e5 7. Nb3 Be7 8. Be3 0-0 9. Qd2 d5 10. a4 Be6 11. f3 Nb4 12. 0-0 a5 13. exd5 Nfxd5 14. Nxd5 Nxd5 15. Bc5 Bxc5+ 16. Nxc5 Qb6 0-1

[Event "Stare Mesto op"]
[Site "Stare Mesto"]
[Date "2011.08.13"]
[Round "3"]
[White "Sojka, Ales"]
[Black "Simonik, Adam"]
[Result "1-0"]
[WhiteElo "2107"]
[BlackElo "1841"]
[PlyCount "57"]
[EventDate "2011.08.12"]
[EventType "swiss"]
[EventRounds "10"]
[EventCountry "CZE"]
[SourceTitle "CBM 143 Extra"]
[Source "ChessBase"]
[SourceDate "2011.08.29"]
[SourceVersion "1"]
[SourceVersionDate "2011.08.29"]
[SourceQuality "1"]

1. e4 c5 2. d4 cxd4 3. c3 d3 4. Bxd3 d6 5. c4 Nf6 6. Nf3 g6 7. 0-0 Nc6 8. h3 Bg7 9. Nc3 0-0 10. Qe2 Be6 11. Be3 Rc8 12. Nd5 Nd7 13. Rac1 Nde5 14. Nxe5 Nxe5 15. Bb1 Nc6 16. Qd2 Qd7 17. b3 Bxh3 18. gxh3 Qxh3 19. f3 Be5 20. Qg2 Qh4 21. f4 Bd4 22. Bxd4 Nxd4 23. Rcd1 e5 24. f5 Kh8 25. f6 h5 26. Rd3 Qg4 27. Qxg4 hxg4 28. Kg2 Rfe8 29. Rg3 1-0

[Event "Morava-ch U14"]
[Site "Havirov"]
[Date "2008.10.27"]
[Round "5"]
[White "Simonik, Adam"]
[Black "Strnad, Ondrej"]
[Result "0-1"]
[WhiteElo "1574"]
[BlackElo "1763"]
[PlyCount "72"]
[EventDate "2008.10.25"]
[EventType "swiss"]
[EventRounds "9"]
[EventCountry "CZE"]
[SourceTitle "EXT 2009"]
[Source "ChessBase"]
[SourceDate "2008.11.26"]
[SourceVersion "1"]
[SourceVersionDate "2008.11.26"]
[SourceQuality "1"]

1. e4 c5 2. Nf3 Nc6 3. d4 cxd4 4. Nxd4 g6 5. Nc3 Bg7 6. Be3 Nf6 7. Bc4 0-0 8. 0-0 d6 9. Qd2 Ng4 10. Nxc6 bxc6 11. Rad1 Nxe3 12. Qxe3 Qb6 13. Qxb6 axb6 14. Rd3 b5 15. Bb3 b4 16. Ne2 Bxb2 17. Rfd1 c5 18. c4 f5 19. exf5 Bxf5 20. Re3 Ra7 21. Rd2 Bg7 22. Ng3 Bh6 23. Nxf5 Rxf5 24. Rde2 Bxe3 25. Rxe3 Re5 26. Rxe5 dxe5 27. Kf1 Kf7 28. Ke2 Rd7 29. Ke3 Kf6 30. f3 h5 31. h4 g5 32. hxg5+ Kxg5 33. g3 Rd4 34. Ke2 e4 35. fxe4 Rxe4+ 36. Kf3 Rd4 0-1

[Event "Morava-ch U14"]
[Site "Havirov"]
[Date "2008.10.26"]
[Round "4"]
[White "Melzer, Patrik"]
[Black "Simonik, Adam"]
[Result "1/2-1/2"]
[WhiteElo "1322"]
[BlackElo "1574"]
[PlyCount "58"]
[EventDate "2008.10.25"]
[EventType "swiss"]
[EventRounds "9"]
[EventCountry "CZE"]
[SourceTitle "EXT 2009"]
[Source "ChessBase"]
[SourceDate "2008.11.26"]
[SourceVersion "1"]
[SourceVersionDate "2008.11.26"]
[SourceQuality "1"]

1. d4 d5 2. c4 c6 3. Nc3 Nf6 4. Nf3 Bf5 5. e3 e6 6. cxd5 exd5 7. Bd3 Bxd3 8. Qxd3 Bd6 9. 0-0 0-0 10. Bd2 Nbd7 11. Rac1 Nb6 12. b3 Re8 13. Ne2 Ne4 14. Ba5 Qd7 15. Bxb6 axb6 16. Rc2 Ra3 17. Nd2 Nxd2 18. Qxd2 Rea8 19. Rd1 Qe7 20. Ng3 Bb4 21. Qe2 g6 22. f3 Re8 23. e4 c5 24. Kf1 dxe4 25. Qxe4 Qxe4 26. Nxe4 Rea8 27. dxc5 bxc5 28. Nxc5 Bxc5 29. Rxc5 Rxa2 1/2-1/2